| 000 | 00425nam a2200157Ia 4500 | ||
|---|---|---|---|
| 003 | IQ-KOUCL | ||
| 041 | _aKurdish | ||
| 082 | _a302,2 cut-226 س | ||
| 100 | _a20260118u\\\\\\\\\\\y0engy0103\\\\ba | ||
| 100 | _aئارى سابیر | ||
| 245 | 0 | _aمێژووى ڕاگە یاندن لە سنوورى کۆیە | |
| 250 | _aچ1 | ||
| 260 |
_bجابخانەى حەمدى _aسلێمانى _c2022 |
||
| 300 | _a120 | ||
| 942 | _cBk | ||
| 999 |
_c186154 _d186154 |
||